000 00670nam a2200229 a 4500
001 18779
003 CO-ViMGA
008 141112s2004 ck r 000 u spa d
020 _a8494570077
040 _aCO-ViMGA
_bspa
_cCO-ViMGA
082 0 4 _a372.357 V322
100 1 _aVecchione, Glen
_926788
245 1 0 _aExperimentos sencillos con animales y plantas
260 _aBarcelona; Oniro S.A.,
_c2001
300 _a126 p.
490 _aEl juego de la ciencia; 8
590 _aForma de adquisición : Premio Mincultura
650 1 4 _aANIMALES - EXPERIMENTOS
_94562
650 1 4 _aCIENCIA RECREATIVA
_911968
650 1 4 _aPLANTAS - EXPERIMENTOS
_93308
942 _2ddc
_cBK
999 _c28009
_d28009